000 01845cam a22004217a 4500
001 16847592
003 USPCAS-E
005 20180118181417.0
008 110628s2010 njua b 101 0 eng d
010 _a 2011282763
020 _a9780470905470
020 _a0470905476
035 _a(OCoLC)ocn659573136
040 _aCAI
_cCAI
_dYDXCP
_dCUV
_dDLC
042 _alccopycat
050 0 0 _aTP786
_b.P33 2009
050 1 4 _aTP785 C415 v. 217
082 _222
_a620.14
_bCER 2010
111 2 _aPacific Rim Conference on Ceramic and Glass Technology
_n(8th :
_d2009 :
_cVancouver, B.C.)
245 1 0 _aCeramics for environmental and energy applications :
_ba collection of papers presented at the 8th Pacific Rim Conference on Ceramic and Glass Technology, May 31-June 5, 2009, Vancouver, British Columbia /
_cedited by Aldo Boccaccini ... [et al.] ; volume editor, Mrityunjay Singh.
260 _aHoboken, N.J. :
_bWiley,
_cc2010.
300 _axiii, 172 p. :
_bill. ;
_c25 cm.
490 1 _aCeramic transactions ;
_vv. 217
500 _a"The American Ceramic Society."
502 _a.
504 _aIncludes bibliographical references and index.
650 0 _aCeramics
_vCongresses.
650 0 _aCeramic materials
_xEnvironmental aspects
_vCongresses.
700 1 _aBoccaccini, A. R.
_q(Aldo R.)
700 1 _aSingh, M.
_q(Mrityunjay)
710 2 _aAmerican Ceramic Society.
830 0 _aCeramic transactions ;
_vv. 217.
856 4 2 _3Publisher description
_uhttp://www.loc.gov/catdir/enhancements/fy1114/2011282763-d.html
856 4 1 _3Table of contents only
_uhttp://www.loc.gov/catdir/enhancements/fy1114/2011282763-t.html
906 _a7
_bcbc
_ccopycat
_d2
_encip
_f20
_gy-gencatlg
942 _2ddc
_cBK
999 _c355886
_d355886